Países que limitan con otros países con la misma inicial - Estadísticas

Estadísticas generales
  • Esta prueba ha sido intentada 22 veces
    9 desde el último reinicio
  • La puntuación promedio es 33 de 39
Estadísticas de respuestas
Hint Respuesta % Correcto
K Kazajistán
100%
K Kirguistán
100%
M Mali
100%
M Marruecos
100%
M Mauritania
100%
R República del Congo
100%
R República Democràtica del Congo
100%
S Sudán
100%
S Sudán del Sur
100%
Z Zambia
100%
Z Zimbabue
100%
C Corea del Norte
88%
C Corea del Sur
88%
G Guinea
88%
G Guinea-Bissau
88%
I Irak
88%
I Irán
88%
L Letonia
88%
L Lituania
88%
N Níger
88%
N Nigeria
88%
R República Centroafricana
88%
A Alemania
75%
A Armenia
75%
A Austria
75%
A Azerbaiyán
75%
B Benín
75%
B Bolivia
75%
B Brasil
75%
B Burkina Faso
75%
C China
75%
E Eritrea
75%
E Etiopía
75%
G Gabón
75%
G Guinea Ecuatorial
75%
C Camerún
63%
M Malaui
63%
M Mozambique
63%
C Chad
38%
No se encontraron pruebas coincidentes
Distribución de puntuación
Porcentaje de gente con cada puntuación
Porcentaje por número respondido
Historial de tus puntuaciones
No has intentado esta prueba desde el último reinicio